000 00513nam a22001577a 4500
003 OSt
008 260423b |||||||| |||| 00| 0 eng d
082 _a635.642
_bS48G
100 _aSingh, Kamleshwari Prasad
245 _aGenetic Variability and Correlation Studies for Yield and Physico-Chemical Traits of Spring Season Tomato (Lycopersicon esculenium Mill.)
260 _aPusa, Samastipur
_bRAU, Pusa
_c1988
300 _a84P.
502 _bMsc.
_d1988
650 _aVegetables & Floriculture
942 _2ddc
_cT
999 _c50145
_d50145